Teória verejnej diplomacie
Verejná diplomacia ako súčasť zahraničnej politiky. Príspevok sa snaží poskytnúť kompexný pohľad na vývoj verejnej diplomacie prostredníctvom modelov, ktoré boli ponúknuté nietorými teoretikmi a ktoré formujú teóriu verejnej diplomacie a zároveň sa sami jej súčasťou stávajú. Príspevok tieto teoretic...
Enregistré dans:
| Auteur principal: | |
|---|---|
| Format: | Chapitre de livre |
| Langue: | slovaque |
| Sujets: | |
| Tags: |
Pas de tags, Soyez le premier à ajouter un tag!
|
MARC
| LEADER | 00000nla a2200000 4500 | ||
|---|---|---|---|
| 001 | 0175662 | ||
| 005 | 20240527091250.3 | ||
| 041 | 0 | |a slo | |
| 044 | |a SK | ||
| 245 | 1 | 0 | |a Teória verejnej diplomacie |c Laura Meričková |
| 520 | |a Verejná diplomacia ako súčasť zahraničnej politiky. Príspevok sa snaží poskytnúť kompexný pohľad na vývoj verejnej diplomacie prostredníctvom modelov, ktoré boli ponúknuté nietorými teoretikmi a ktoré formujú teóriu verejnej diplomacie a zároveň sa sami jej súčasťou stávajú. Príspevok tieto teoretické poznatky analyzuje a v niektorých častiach komparuje. | ||
| 610 | 2 | 0 | |a diplomacia |
| 610 | 2 | 0 | |a politika zahraničná |
| 610 | 2 | 0 | |a vzťahy medzinárodné |
| 610 | 2 | 0 | |a modely |
| 100 | 1 | |a Meričková, Laura | |